Pokémon - Les attaques de Colossinge - Statistiques

Statistiques générales
  • Ce quiz a été pris 19 fois
  • Le résultat moyen est 11 sur 20
Statistiques - réponses
Niveaux Types Noms des attaques % Correct
Départ Normal Groz'Yeux
100%
Niveau 53 Dragon Colère
80%
Départ Normal Griffe
80%
Niveau 8 Combat Poing-Karaté
80%
Niveau 39 Combat Close Combat
70%
Niveau 5 Normal Combo-Griffe
70%
Niveau 15 Combat Frappe Atlas
70%
Niveau 48 Sol Trépignement
70%
Départ Combat Balayage
60%
Niveau 35 Normal Mania
60%
Niveau 26 Ténèbres Assurance
50%
Départ Évolution Normal Frénésie
50%
Niveau 12 Ténèbres Poursuite
50%
Départ Normal Puissance
50%
Niveau 22 Combat Coup-Croix
30%
Niveau 19 Normal Vantardise
30%
Niveau 44 Normal Grincement
20%
Niveau 30 Ténèbres Punition
20%
Départ Niveau 57 Combat Tout ou Rien
20%
Départ Ténèbres Dégommage
10%
Aucun quiz correspondant
Distribution des résultats
% des personnes avec chaque résultat
Percentile par nombre de réponses
Votre historique - résultats
Vous n’avez pas pris ce quiz